TUHAF MÜCEVHER HIRSIZLARI (Record no. 1095603)

MARC details
000 -LEADER
sabit uzunluktaki kontrol alanı 00269nam a2200097Ia 4500
001 - KONTROL NUMARASI
kontrol alanı 1095603
005 - EN SON İŞLEMİN TARİH VE ZAMANI
kontrol alanı 20250827003018.0
008 - SABİT-UZUNLUKTA VERİ ÖĞELERİ--GENEL BİLGİ
sabit uzunluktaki kontrol alanı 250824s9999 xx 000 0 und d
245 #0 - ESER / YAZAR
ESER ADI TUHAF MÜCEVHER HIRSIZLARI
Yazar Adı ŞEBNEM GÜLER KARACAN
260 ## - YAYIN, DAĞITIM, VB.
YAYIN EVİ UĞURBÖCEĞİ YAYINLARI
Holdings
Düşüm durumu Kayıp durumu Sınıflandırma Kaynağı veya raf şeması Hasar Durumu Ödünç verilmez Ana kütüphane Geçerli Kütüphane Edinilen tarih Toplam ödünç verme sayısı Tam yer numarası Barkod İade tarihi Son görüntüleme tarihi Son ödünç verme tarihi Fiyatın geçerli olmaya başladığı tarih Koha materyal türü
    Dewey Ondalık Sınıflama     ŞEHİT MUSTAFA ÇUHADAR ORTAOKULU ŞEHİT MUSTAFA ÇUHADAR ORTAOKULU 24.08.2025 4 M3 10545039 01.05.2026 16.04.2026 16.04.2026 27.08.2025 Books